El Grabado / (Record no. 7781)

MARC details
000 -LEADER
campo de control de longitud fija 00892nam a2200277 i 4500
001 - NÚMERO DE CONTROL
campo de control 7781
003 - IDENTIFICADOR DE NÚMERO DE CONTROL
campo de control ES-MaACL
005 - FECHA Y HORA DE LA ÚLTIMA TRANSACCIÓN
campo de control 20250822004353.0
007 - CAMPO FIJO DE DESCRIPCIÓN FÍSICA--INFORMACIÓN GENERAL
campo de control de longitud fija t|
008 - DATOS DE LONGITUD FIJA--INFORMACIÓN GENERAL
campo de control de longitud fija 910503s1981 sp ||||1| spa d
020 ## - NÚMERO INTERNACIONAL ESTÁNDAR DEL LIBRO
Número Internacional Estándar del Libro 84-7254-224-6
080 ## - NÚMERO DE LA CLASIFICACIÓN DECIMAL UNIVERSAL
Número de la Clasificación Decimal Universal 76(09)
245 03 - MENCIÓN DEL TÍTULO
Título El Grabado /
Mención de responsabilidad, etc. Michel Melot... [et al.] ; version española de Francisco A. Pastor Llorian.
260 ## - PUBLICACIÓN, DISTRIBUCIÓN, ETC.
Lugar de publicación, distribución, etc. Geneve :
Nombre del editor, distribuidor, etc. Skira :
-- ; Barcelona : Carroggio,
Fecha de publicación, distribución, etc. cop. 1981.
300 ## - DESCRIPCIÓN FÍSICA
Extensión 283 p. :
Otras características físicas il. ;
Dimensiones 34 cm.
490 1# - MENCIÓN DE SERIE
Mención de serie Historia de un arte
500 ## - NOTA GENERAL
Nota general Indices.
504 ## - NOTA DE BIBLIOGRAFÍA, ETC.
Nota de bibliografía, etc. Bibliogr.: p. 263-270.
505 8# - NOTA DE CONTENIDO CON FORMATO
Nota de contenido con formato Dicciionario de terminos tecnicos
650 14 - PUNTO DE ACCESO ADICIONAL DE MATERIA--TÉRMINO DE MATERIA
Término de materia o nombre geográfico como elemento de entrada Grabado-
Subdivisión de forma Historia
9 (RLIN) 13140
700 1# - ENTRADA AGREGADA--NOMBRE PERSONAL
Nombre de persona Melot, Michel.
9 (RLIN) 80028
700 1# - ENTRADA AGREGADA--NOMBRE PERSONAL
Nombre de persona Pastor Llorian, Francisco A.
9 (RLIN) 89511
830 0# - PUNTO DE ACCESO ADICIONAL DE SERIE-TÍTULO UNIFORME
Título uniforme Historia de un arte
9 (RLIN) 177954
852 ## - LOCALIZACIÓN
Ubicación ES-MaACL
Número de control de estantería C-10854
Sublocalización o colección R.119157
Nota libre . - tela
Holdings
Estatus retirado Estado de pérdida Estado de daño No para préstamo Biblioteca de origen Biblioteca actual Ubicación en estantería Fecha de adquisición Fuente de adquisición Total de préstamos Signatura topográfica completa Código de barras Visto por última vez Precio de reemplazo Tipo de ítem Koha
        Biblioteca del Ateneo de Madrid Biblioteca del Ateneo de Madrid Sala Palomar 17/01/2008     C-10854 1007936 23/02/2023 23/02/2023 Libro impreso